Logo BPK

Biblioteka

Politechniki Koszalińskiej

Izmerenija parametrov antenno-fidernych ustroistv / (Rekord nr 14982)

Szczegóły MARC
000 -ETYKIETA REKORDU
podpole kontrolne o stałej długości 00508nam a2200193 i 4500
001 - NUMER KONTROLNY REKORDU
pole kontrolne bg
040 ## - ŹRÓDŁO KATALOGOWANIA
Instytucja, która utworzyła rekord BPK
041 ## - KOD JĘZYKA
Kod języka tekstu pol
080 ## - UNIWERSALNA KLASYFIKACJA DZIESIĘTNA - UKD
UKD 621.396.67
008 - POLE O STAŁEJ DŁUGOŚCI - DANE KONTROLNE
podpole kontrolne o stałej długości s pl f |000 0 pol
100 1# - NAZWA OSOBOWA
Nazwa osobowa FRADIN, A. Z.
245 #0 - TYTUŁ/ODPOWIEDZIALNOŚĆ
Tytuł Izmerenija parametrov antenno-fidernych ustroistv /
Pozostałe elementy strefy tytułu i oznaczenia odpowiedzialności A. Z. Fradin, E. W. Ryżkow.
250 ## - STREFA WYDANIA
Oznaczenie wydania Izd. 2 dopol.
260 ## - STREFA ADRESU WYDAWNICZEGO
Miejsce wydania Moskwa :
Nazwa wydawcy/dystrybutora Izdat. "Svjaz'",
Data publikacji, dystrybucji/powstania dokumentu 1972.
300 ## - STREFA OPISU FIZYCZNEGO
Objętość s. 531 :
Inne cechy fizyczne ilustr.
504 ## - UWAGA DOTYCZĄCA BIBLIOGRAFII
Informacje o bibliografii bibliogr.
700 1# - HASŁO DODATKOWE - NAZWA OSOBOWA
Nazwa osobowa RYŻKOW, E. W.
942 ## - DODATKOWE ELEMENTY (KOHA)
Typ dokumentu Książka
Egzemplarze
Wycofany Status egzemplarza Uszkodzony Dostępność Lokalizacja stała Lokalizacja bieżąca Miejsce przechowywania Sygnatura Kod kreskowy Typ dokumentu
      Dostępny Biblioteka Politechniki Koszalińskiej Biblioteka Politechniki Koszalińskiej Wypożyczalnia BG 15277 01727883 Książka
© 2023 Biblioteka Politechniki Koszalińskiej :: KOHA